[Event "Mozhaisk"]
[Site "Mozhaisk"]
[Date "2007.09.08"]
[Round "3"]
[White "Koludarov, Anatoliy"]
[Black "Markosian, David S"]
[Result "0-1"]
[WhiteElo "2224"]
[BlackElo "2343"]
[PlyCount "88"]
[EventDate "2007.09.07"]
[EventType "tourn"]
[EventRounds "11"]
[EventCountry "RUS"]
[EventCategory "2"]
[SourceTitle "EXT 2009"]
[Source "ChessBase"]
[SourceDate "2008.11.26"]
[SourceVersion "1"]
[SourceVersionDate "2008.11.26"]
[SourceQuality "1"]

1. d4 d6 2. Nf3 Bg4 3. g3 Nf6 4. Bg2 Qc8 5. h4 g6 6. c4 c6 7. Nc3 Bg7 8. Bg5 h6 9. Bd2 0-0 10. Qc1 h5 11. Bh6 Na6 12. Bxg7 Kxg7 13. b3 Re8 14. Qb2 Qc7 15. 0-0 Rad8 16. Rad1 e5 17. dxe5 dxe5 18. Ng5 Bf5 19. b4 Rxd1 20. Rxd1 Nb8 21. Nce4 Bxe4 22. Nxe4 Nxe4 23. Bxe4 Nd7 24. c5 Nf6 25. Qc2 Re7 26. Rd6 Rd7 27. Qd3 Rxd6 28. Qxd6 Qxd6 29. cxd6 Kf8 30. Bd3 b5 31. Bc2 e4 32. f3 exf3 33. exf3 Ke8 34. Bd1 Kd7 35. g4 Kxd6 36. Bb3 Ke7 37. Bd1 Nd5 38. gxh5 gxh5 39. a3 Ne3 40. Bb3 Nf5 41. Kf2 Nxh4 42. Bc2 Ng6 43. Be4 Kd6 44. Kg3 c5 0-1